Statistics for Twenty One Pilots - House of Gold

Click here to take the quiz!

General Stats

  • This quiz has been taken 1,567 times
  • The average score is 185 of 201

Answer Stats

Answer% Correct
a
100%
gold
99%
house
99%
I
99%
me
99%
of
99%
So
99%
to
99%
when
99%
Will
99%
will
99%
you
99%
And
98%
and
98%
buy
98%
care
98%
father
98%
grow
98%
old
98%
She
98%
son
98%
stone
98%
take
98%
your
98%
asked
96%
turns
96%
ever
95%
make
95%
everything
94%
on
94%
see
94%
the
94%
I'll
93%
map
93%
put
93%
queen
92%
cure
90%
disease
87%
up
81%
we
81%
that
75%
be
73%
our
71%
are
70%
down
70%
dreams
70%
this
70%
after
69%
dead
69%
happily
69%
town
69%
upside
69%
future
68%
head
68%
left
68%
life
67%
someone
67%
since
66%
turned
66%
know
65%
just
64%
might
64%
pretend
64%
become
63%
plan
63%
Lived
62%
their
62%
say
61%
Let's
60%
We'll
60%
bum
59%
plans
54%

Score Distribution

Percentile by Number Answered

Percent of People with Each Score

Your Score History

You have not taken this quiz